[Event "Nezhmetdinov Memorial 31st"]
[Site "Kazan"]
[Date "2009.05.31"]
[Round "1"]
[White "Artemjev, Nikolay"]
[Black "Ponfilenok, Vladimir"]
[Result "0-1"]
[WhiteElo "2090"]
[BlackElo "2433"]
[PlyCount "72"]
[EventDate "2009.05.31"]
[EventType "swiss"]
[EventRounds "9"]
[EventCountry "RUS"]
[SourceTitle "CBM 130 Extra"]
[Source "ChessBase"]
[SourceDate "2009.07.02"]
[SourceVersion "2"]
[SourceVersionDate "2009.07.15"]
[SourceQuality "1"]

1. d4 e6 2. c4 f5 3. Nf3 Nf6 4. Nc3 Bb4 5. Bg5 h6 6. Bxf6 Bxc3+ 7. bxc3 Qxf6 8. e3 b6 9. Ne5 0-0 10. Qf3 c6 11. Qg3 d6 12. Nd3 Qe7 13. f4 Ba6 14. Nb4 Bb7 15. Be2 c5 16. Nc2 Nc6 17. 0-0 Na5 18. Rf2 Rac8 19. Qh3 Be4 20. Rc1 cxd4 21. exd4 Nxc4 22. g4 fxg4 23. Bxg4 Bf5 24. Rg2 Bxg4 25. Rxg4 Rf6 26. Re1 Qf7 27. Qg3 Rf8 28. Ne3 Nxe3 29. Qxe3 h5 30. Rg3 Rxf4 31. Re2 h4 32. Kg2 Re4 33. Rf3 Rxe3 34. Rexe3 Qg6+ 35. Kh3 Rxf3+ 36. Rxf3 Qe4 0-1

[Event "Kazan Region-ch 6th"]
[Site "Kazan"]
[Date "2008.01.29"]
[Round "7"]
[White "Artemjev, Nikolay"]
[Black "Mullin, Zufar"]
[Result "1-0"]
[WhiteElo "2095"]
[BlackElo "2050"]
[PlyCount "41"]
[EventDate "2008.01.23"]
[EventType "swiss"]
[EventRounds "9"]
[EventCountry "RUS"]
[SourceTitle "CBM 122 Extra"]
[Source "ChessBase"]
[SourceDate "2008.03.04"]
[SourceVersion "1"]
[SourceVersionDate "2008.03.04"]
[SourceQuality "1"]

1. e4 c5 2. Bc4 a6 3. a4 e6 4. Nc3 Nc6 5. Nf3 g6 6. d4 cxd4 7. Nxd4 Bg7 8. Be3 Qc7 9. Bb3 Nf6 10. h3 0-0 11. 0-0 b6 12. Qd2 Bb7 13. Nf3 Rfd8 14. Rad1 Na5 15. Bf4 Nxb3 16. cxb3 Qc6 17. Ne5 Nxe4 18. Nxc6 Nxd2 19. Nxd8 Bxg2 20. Kxg2 Nxf1 21. Rxd7 1-0

[Event "Kazan Region-ch 6th"]
[Site "Kazan"]
[Date "2008.01.27"]
[Round "5"]
[White "Artemjev, Nikolay"]
[Black "Hamidullin, Aydar"]
[Result "0-1"]
[WhiteElo "2095"]
[BlackElo "2277"]
[PlyCount "60"]
[EventDate "2008.01.23"]
[EventType "swiss"]
[EventRounds "9"]
[EventCountry "RUS"]
[SourceTitle "CBM 122 Extra"]
[Source "ChessBase"]
[SourceDate "2008.03.04"]
[SourceVersion "1"]
[SourceVersionDate "2008.03.04"]
[SourceQuality "1"]

1. e4 e5 2. Bc4 Nf6 3. Nc3 h6 4. Nf3 Nc6 5. a3 g6 6. b4 a6 7. Bb2 Bg7 8. h3 0-0 9. 0-0 Nxe4 10. Nd5 d6 11. Re1 Nf6 12. d4 exd4 13. Bxd4 Nxd4 14. Ne7+ Kh7 15. Nxd4 Re8 16. Nxc8 Rxe1+ 17. Qxe1 Qxc8 18. Bxf7 c5 19. Nf3 Qc7 20. Qe6 Rf8 21. Bxg6+ Kxg6 22. Nh4+ Kh7 23. Qf5+ Kh8 24. Re1 Qd7 25. Qg6 Qf7 26. Qf5 cxb4 27. axb4 Nd5 28. g4 Qxf5 29. Nxf5 Be5 30. Nxh6 Kh7 0-1

[Event "Kazan Region-ch 6th"]
[Site "Kazan"]
[Date "2008.01.26"]
[Round "4"]
[White "Solovyev, Mikhail Vladislavov"]
[Black "Artemjev, Nikolay"]
[Result "0-1"]
[WhiteElo "2060"]
[BlackElo "2095"]
[PlyCount "98"]
[EventDate "2008.01.23"]
[EventType "swiss"]
[EventRounds "9"]
[EventCountry "RUS"]
[SourceTitle "CBM 122 Extra"]
[Source "ChessBase"]
[SourceDate "2008.03.04"]
[SourceVersion "1"]
[SourceVersionDate "2008.03.04"]
[SourceQuality "1"]

1. e4 c5 2. b4 d6 3. Bc4 Nf6 4. d3 cxb4 5. a3 bxa3 6. Nxa3 Bd7 7. Nf3 h6 8. 0-0 e5 9. d4 Nc6 10. dxe5 Nxe5 11. Nxe5 dxe5 12. Nb5 Qb6 13. Be3 Qc6 14. Qd3 a6 15. Qb3 Be7 16. Bxf7+ Kf8 17. Na3 b5 18. Rfd1 Be8 19. Bd5 Nxd5 20. exd5 Qg6 21. d6 Bxd6 22. Qd5 Rd8 23. Bc5 Bf7 24. Bxd6+ Kg8 25. Qxe5 Kh7 26. Be7 Rxd1+ 27. Rxd1 Re8 28. Qd6 Qg4 29. f3 Qc8 30. Bh4 Bg6 31. Qd2 Qc5+ 32. Bf2 Qxa3 33. Bd4 Qa2 34. Rc1 Qc4 35. Be3 a5 36. g4 h5 37. h3 a4 38. Kf2 a3 39. Bd4 b4 40. gxh5 Bxh5 41. c3 b3 42. Rg1 Re7 43. Qg5 Qe2+ 44. Kg3 Qxf3+ 45. Kh4 Re4+ 46. Rg4 Rxg4+ 47. hxg4 Qxg4+ 48. Qxg4 Bxg4 49. Kxg4 b2 0-1